000 01040nam a2200265 i 4500
001 bg
111 2 _aInternational Conference of International Microelectronics and Packaging Society Poland Chapter
_n(30 ;
_d2006 ;
_cKraków).
245 1 0 _aXXX International Conference of IMAPS Poland Chapter Kraków, September 2006
_h[Dokument elektroniczny] :
_bproceedings /
_c[ed. Wiesław Zaraska, Andrzej Cichocki, Dorota Szwagierczak].
246 1 1 _aIMAPS
260 _aCracow :
_bInstitute of Electron Technology,
_c2006.
300 _a1 dysk optyczny :
_bkolor. ;
_c12 cm.
504 _aBibliogr. przy ref. Indeks.
538 _aWymagania systemowe: IBM PC, czytnik CD ROM.
650 9 _aMikroelektronika
655 _aMateriały konferencyjne
655 _aDokumenty elektroniczne
700 1 _aZaraska, Wiesław.
_eRed.
700 1 _aCichocki, Andrzej.
_eRed.
700 1 _aSzwagierczak, Dorota.
_eRed.
040 _cBPK
041 0 _aeng
080 _a621.3.049.77(061)
942 _cCD
008 s pl f |000 0 pol
999 _c24084
_d24084
856 _uhttp://koha.tu.koszalin.pl/cgi-bin/koha/opac-detail.pl?biblionumber=24084
_yKatalog online BPK